000 00741nam a2200205Ia 4500
003 GCL
008 140319s9999 xx 000 0 ara d
040 _aGCL /
_cGCL
082 0 4 _a658.15
_bم م
100 1 _aمنير سالم
245 1 0 _aالموازنات التقديرية للشركات التابعة والقابضة فى ظل قانون شركات قطاع الاعمال العام رقم 203 لسنة 1991 /
_cمنير سالم
300 _a207 ص
490 _a
650 0 4 _aالميزانيات التقديرية
650 0 4 _aقطاع الاعمال العام
650 0 4 _aالانتاج - تخطيط
650 0 4 _aالقانون 203 لسنة 1991
650 0 4 _aالشركات القابضة
942 _2ddc
_cBK
999 _c37565
_d37565